000 00246nam a2200097Ia 4500
001 653848
005 20250826154506.0
008 250824s9999 xx 000 0 und d
245 0 _a3.GİZEMLİ GÜNLER
_cSEVGİ SAYGI
260 _bGÜNIŞIĞI YAYINLARI
999 _c653848
_d653848